[Event "?"]
[Site "ICC 2 0 04/16/98, Internet Ch"]
[Date "1998.??.??"]
[Round "?"]
[White "Brause"]
[Black "MarvinMartian"]
[Result "1-0"]
[WhiteElo "2480"]
[BlackElo "2120"]
[PlyCount "69"]

1. e4 e5 2. Nf3 Nc6 3. Nc3 Nf6 4. Nxe5 Nxe5 5. d4 Ng6 6. e5 Ng8 7. Bc4 Bb4 8.
Qf3 Bxc3+ 9. bxc3 Qe7 10. O-O Nh6 11. g3 O-O 12. Qh5 d5 13. Bxd5 c6 14. Bf3 Be6
15. a4 Bd5 16. Bxd5 cxd5 17. Ba3 Qe6 18. Bxf8 Rxf8 19. f4 Qg4 20. Qxg4 Nxg4 21.
Rab1 b6 22. f5 Ne7 23. Rbe1 Nc6 24. h3 Nh6 25. g4 Kh8 26. f6 Ng8 27. c4 gxf6
28. cxd5 Na5 29. exf6 h6 30. c3 Rd8 31. Re7 Rxd5 32. Rxa7 Nc6 33. Rxf7 Ra5 34.
Rb7 Rxa4 35. f7 1-0

[Event "?"]
[Site "ICC 2 0 04/16/98, Internet Ch"]
[Date "1998.??.??"]
[Round "?"]
[White "Brause"]
[Black "MarvinMartian"]
[Result "1/2-1/2"]
[WhiteElo "2485"]
[BlackElo "2110"]
[PlyCount "56"]

1. e4 e5 2. Nf3 Nc6 3. Nc3 Nf6 4. Nxe5 Nxe5 5. d4 Ng6 6. e5 Ng8 7. Bc4 Bb4 8.
Qf3 Bxc3+ 9. bxc3 Qe7 10. O-O Nh6 11. g3 O-O 12. Qh5 d5 13. exd6 cxd6 14. Bxh6
gxh6 15. Qxh6 Be6 16. Bd3 d5 17. Rab1 b6 18. c4 Qf6 19. c5 bxc5 20. dxc5 Rfd8
21. Rb7 Rd7 22. c6 Rxb7 23. cxb7 Rb8 24. Rb1 Qe7 25. Ba6 Qa3 26. Bd3 Qe7 27.
Ba6 Qa3 28. Bd3 Qe7 1/2-1/2

[Event "?"]
[Site "ICC 2 0 04/16/98, Internet Ch"]
[Date "1998.??.??"]
[Round "?"]
[White "Brause"]
[Black "MarvinMartian"]
[Result "1-0"]
[WhiteElo "2465"]
[BlackElo "2120"]
[PlyCount "81"]

1. e4 e5 2. Nf3 Nc6 3. Nc3 Nf6 4. Nxe5 Nxe5 5. d4 Ng6 6. e5 Ng8 7. Bc4 Bb4 8.
Qf3 Bxc3+ 9. bxc3 Qe7 10. O-O Nh6 11. g3 O-O 12. Re1 c6 13. Bxh6 gxh6 14. Rab1
b6 15. a4 Rb8 16. a5 b5 17. Bf1 Qg5 18. c4 a6 19. cxb5 cxb5 20. Qb3 Bb7 21. c4
Bc6 22. d5 Ba8 23. cxb5 axb5 24. Bxb5 Nxe5 25. f4 Qg4 26. Rxe5 d6 27. Ree1 Qf5
28. Red1 h5 29. Bd3 Qg4 30. Qxb8 Rxb8 31. Rxb8+ Kg7 32. Re1 Bxd5 33. Rbe8 Qf3
34. Be4 Bxe4 35. R8xe4 d5 36. R4e3 Qg4 37. a6 Qc8 38. a7 Qa8 39. Ra1 d4 40. Rb3
d3 41. Rb8 1-0

[Event "?"]
[Site "ICC 2 0 04/16/98, Internet Ch"]
[Date "1998.??.??"]
[Round "?"]
[White "Brause"]
[Black "MarvinMartian"]
[Result "1-0"]
[WhiteElo "2470"]
[BlackElo "2115"]
[PlyCount "39"]

1. e4 e5 2. Nf3 Nc6 3. Nc3 Nf6 4. Nxe5 Nxe5 5. d4 Ng6 6. e5 Ng8 7. Bc4 Bb4 8.
Qf3 Qe7 9. O-O Bxc3 10. bxc3 Nh6 11. g3 O-O 12. Qh5 d5 13. Bxd5 c6 14. Bf3 Be6
15. Bxh6 gxh6 16. Qxh6 Bd5 17. Bxd5 cxd5 18. f4 Rfc8 19. f5 Nf8 20. f6 1-0

[Event "?"]
[Site "ICC 2 0 04/16/98, Internet Ch"]
[Date "1998.??.??"]
[Round "?"]
[White "Brause"]
[Black "MarvinMartian"]
[Result "1/2-1/2"]
[WhiteElo "2465"]
[BlackElo "2185"]
[PlyCount "58"]

1. e4 e5 2. Nf3 Nc6 3. Nc3 Nf6 4. Nxe5 Nxe5 5. d4 Ng6 6. e5 Ng8 7. Bc4 Bb4 8.
Qf3 Bxc3+ 9. bxc3 Qe7 10. O-O Nh6 11. g3 O-O 12. Re1 Rb8 13. Bxh6 gxh6 14. Qe4
b6 15. Rab1 Bb7 16. Qf5 Qg5 17. Qxd7 h5 18. Qxc7 h4 19. Bxf7+ Kh8 20. Be6 hxg3
21. hxg3 Nh4 22. Re3 Nf3+ 23. Rxf3 Bxf3 24. Bh3 Qh5 25. Qd7 Rbd8 26. Qe6 Rde8
27. Qd7 Rd8 28. Qe6 Rde8 29. Qd7 Rd8 1/2-1/2

[Event "?"]
[Site "ICC 2 0 04/16/98, Internet Ch"]
[Date "1998.??.??"]
[Round "?"]
[White "Brause"]
[Black "Khan"]
[Result "1-0"]
[WhiteElo "2455"]
[BlackElo "1740"]
[PlyCount "53"]

1. e4 e5 2. Nf3 Nc6 3. Nc3 Nf6 4. Nxe5 Nxe5 5. d4 Ng6 6. e5 Ng8 7. Bc4 Bb4 8.
Qf3 Bxc3+ 9. bxc3 Qe7 10. O-O Nh6 11. g3 O-O 12. Re1 Re8 13. Re2 Rf8 14. Qh5 c6
15. a4 d5 16. exd6 Qxd6 17. Bxh6 gxh6 18. Rae1 Bd7 19. Rb1 b6 20. a5 bxa5 21.
Qxa5 Rae8 22. Rxe8 Rxe8 23. Qxa7 Qe7 24. Rb7 Rd8 25. Bf1 Nf8 26. Qb6 Qd6 27.
Qxd8 1-0

[Event "?"]
[Site "ICC 2 0 04/16/98, Internet Ch"]
[Date "1998.??.??"]
[Round "?"]
[White "Brause"]
[Black "Kiriakos"]
[Result "1-0"]
[WhiteElo "2455"]
[BlackElo "1895"]
[PlyCount "47"]

1. e4 e5 2. Nf3 Nc6 3. Nc3 Nf6 4. Nxe5 Nxe5 5. d4 Ng6 6. e5 Be7 7. Bc4 O-O 8.
exf6 Bxf6 9. O-O c6 10. Ne4 d5 11. Nxf6+ Qxf6 12. Be2 Bf5 13. Be3 Rfe8 14. Qd2
h6 15. Rae1 Re7 16. c4 dxc4 17. Bxc4 Be4 18. f3 Bd5 19. Bxd5 cxd5 20. Bf2 Rae8
21. Rxe7 Rxe7 22. Qa5 Nf4 23. Qxa7 Qg6 24. Qb8+ 1-0

[Event "?"]
[Site "ICC 2 0 04/16/98, Internet Ch"]
[Date "1998.??.??"]
[Round "?"]
[White "Brause"]
[Black "MarvinMartian"]
[Result "1-0"]
[WhiteElo "2455"]
[BlackElo "2195"]
[PlyCount "85"]

1. e4 e5 2. Nf3 Nc6 3. Nc3 Nf6 4. Nxe5 Nxe5 5. d4 Ng6 6. e5 Ng8 7. Bc4 Bb4 8.
Qf3 Bxc3+ 9. bxc3 Qe7 10. O-O Nh6 11. g3 O-O 12. Qh5 d5 13. Bxd5 c6 14. Bf3 Be6
15. a4 Rfd8 16. Bg5 Qd7 17. Bxd8 Rxd8 18. Qg5 Bd5 19. Bxd5 Qxd5 20. f4 f5 21.
exf6 Qxg5 22. fxg5 Nf7 23. Rab1 Rd7 24. h4 gxf6 25. gxf6 Nf8 26. Rfe1 b6 27.
Re7 Nd6 28. Rbe1 Nc4 29. Kh2 a5 30. Rxd7 Nxd7 31. Re8+ Nf8 32. Re7 b5 33. d5
cxd5 34. axb5 Nb6 35. g4 a4 36. Rg7+ Kh8 37. Rg5 h6 38. Rh5 Kg8 39. Rxh6 Kf7
40. Rh5 a3 41. Rf5 Ne6 42. g5 Kg6 43. Rf1 1-0

[Event "?"]
[Site "ICC 2 0 04/16/98, Internet Ch"]
[Date "1998.??.??"]
[Round "?"]
[White "Brause"]
[Black "MarvinMartian"]
[Result "1-0"]
[WhiteElo "2465"]
[BlackElo "2185"]
[PlyCount "67"]

1. e4 e5 2. Nf3 Nc6 3. Nc3 Nf6 4. Nxe5 Nxe5 5. d4 Ng6 6. e5 Ng8 7. Bc4 Bb4 8.
Qf3 Bxc3+ 9. bxc3 Qe7 10. O-O Nh6 11. g3 O-O 12. Qh5 d6 13. Bxh6 gxh6 14. f4
dxe5 15. f5 exd4 16. fxg6 Qe3+ 17. Rf2 hxg6 18. Qxg6+ Kh8 19. Qf6+ Kh7 20. Bxf7
Rxf7 21. Qxf7+ Kh8 22. cxd4 Bh3 23. Qf4 Re8 24. Qxe3 Rxe3 25. Rf7 Rc3 26. Re1
Kg8 27. Ree7 Rxc2 28. Rg7+ Kf8 29. Ref7+ Ke8 30. Rxc7 Rg2+ 31. Kh1 Rf2 32. Rg8+
Rf8 33. Rxf8+ Kxf8 34. Rxb7 1-0

[Event "?"]
[Site "ICC 2 0 04/16/98, Internet Ch"]
[Date "1998.??.??"]
[Round "?"]
[White "Brause"]
[Black "Kiriakos"]
[Result "1-0"]
[WhiteElo "2470"]
[BlackElo "1900"]
[PlyCount "70"]

1. e4 e5 2. Nf3 Nc6 3. Nc3 Nf6 4. Nxe5 Nxe5 5. d4 Ng6 6. e5 Be7 7. exf6 Bxf6 8.
Bc4 O-O 9. O-O c6 10. Ne4 d5 11. Nxf6+ Qxf6 12. Be2 Bf5 13. Be3 Rfe8 14. Qd2 h6
15. Rae1 Rad8 16. Bd3 Bxd3 17. Qxd3 Re7 18. Bd2 Rde8 19. g3 Nf8 20. Rxe7 Rxe7
21. Bb4 Re8 22. Bxf8 Kxf8 23. Qa3+ Re7 24. Qxa7 Kg8 25. Qb8+ Kh7 26. Qd8 Qe6
27. Qf8 Qe2 28. a4 Rd7 29. Qc8 Re7 30. Qf5+ g6 31. Qf6 Kg8 32. Qd6 Re6 33. Qb8+
Kg7 34. Qxb7 Qxc2 35. a5 Qc4 1-0

[Event "?"]
[Site "ICC 2 0 04/16/98, Internet Ch"]
[Date "1998.??.??"]
[Round "?"]
[White "Brause"]
[Black "Kiriakos"]
[Result "1-0"]
[WhiteElo "2475"]
[BlackElo "1910"]
[PlyCount "34"]

1. e4 e5 2. Nf3 Nc6 3. Nc3 Nf6 4. Nxe5 Nxe5 5. d4 Ng6 6. e5 Be7 7. Bc4 O-O 8.
exf6 Bxf6 9. O-O c6 10. Ne4 d5 11. Nxf6+ Qxf6 12. Be2 Bf5 13. Be3 Rfe8 14. Qd2
h6 15. Rae1 Rad8 16. Bd3 Re7 17. Qa5 a6 1-0

[Event "?"]
[Site "ICC 2 0 04/16/98, Internet Ch"]
[Date "1998.??.??"]
[Round "?"]
[White "Brause"]
[Black "MarvinMartian"]
[Result "0-1"]
[WhiteElo "2475"]
[BlackElo "2220"]
[PlyCount "93"]

1. e4 e5 2. Nf3 Nc6 3. Nc3 Nf6 4. Nxe5 Nxe5 5. d4 Ng6 6. e5 Ng8 7. Bc4 Bb4 8.
Qf3 Bxc3+ 9. bxc3 Qe7 10. O-O Nh6 11. g3 O-O 12. Qh5 d5 13. Bxd5 Bg4 14. Qg5
Qxg5 15. Bxg5 c6 16. Bg2 Be6 17. Rab1 Rab8 18. Bxh6 gxh6 19. Rb4 Bd5 20. Bxd5
cxd5 21. c4 dxc4 22. Rfb1 b6 23. c3 Rfc8 24. h3 Ne7 25. Rb5 Rd8 26. Rc1 Nd5 27.
Rbb1 Kf8 28. a4 Ke7 29. h4 Ke6 30. Kh2 h5 31. f3 a6 32. Ra1 Rdc8 33. Rc2 Rc6
34. Rb1 b5 35. axb5 axb5 36. Kh3 b4 37. cxb4 Rxb4 38. Rxb4 Nxb4 39. Rc1 c3 40.
f4 c2 41. d5+ Kxd5 42. Ra1 c1=Q 43. Rxc1 Rxc1 44. Kh2 Ke4 45. Kg2 Rc2+ 46. Kg1
Nd3 47. e6 0-1

[Event "?"]
[Site "ICC 2 0 04/16/98, Internet Ch"]
[Date "1998.??.??"]
[Round "?"]
[White "Brause"]
[Black "Kiriakos"]
[Result "1-0"]
[WhiteElo "2450"]
[BlackElo "1930"]
[PlyCount "82"]

1. e4 e5 2. Nf3 Nc6 3. Nc3 Nf6 4. Nxe5 Nxe5 5. d4 Ng6 6. e5 Be7 7. Bc4 O-O 8.
exf6 Bxf6 9. O-O c6 10. Ne4 d5 11. Nxf6+ Qxf6 12. Be2 Bf5 13. Be3 Rfe8 14. Qd2
h6 15. Rae1 Rad8 16. Qa5 a6 17. Bd1 Nh4 18. Qc7 Rd7 19. Qf4 Ng6 20. Qg3 Rde7
21. Re2 Qh4 22. Qxh4 Nxh4 23. Rfe1 Bg4 24. f3 Bxf3 25. gxf3 Nxf3+ 26. Kf2 Nxe1
27. Rxe1 f5 28. Bh5 Rf8 29. Bf4 Rxe1 30. Kxe1 Kh7 31. Bd6 Rd8 32. Bc7 Rd7 33.
Be5 g6 34. Bf3 Re7 35. Kd2 Kg8 36. h4 Kf7 37. Bf4 Kg7 38. Kc3 Kh7 39. a4 Kg7
40. Kb4 Re1 41. Kc3 Kh7 1-0

[Event "?"]
[Site "ICC 2 1 01/28/98, Internet Ch"]
[Date "1998.??.??"]
[Round "?"]
[White "Brause"]
[Black "Cheops"]
[Result "1-0"]
[WhiteElo "2520"]
[BlackElo "2185"]
[PlyCount "35"]

1. e4 Nc6 2. Nf3 e5 3. Nc3 Nf6 4. Nxe5 Nxe5 5. d4 Ng6 6. e5 Ng8 7. Bc4 Bb4 8.
Qf3 Qe7 9. O-O Bxc3 10. bxc3 f6 11. exf6 Qxf6 12. Qh5 N8e7 13. Bg5 Qc6 14. Rfe1
Qxc4 15. Rxe7+ Kf8 16. Qf3+ Kg8 17. Re8+ Nf8 18. Rxf8# 1-0

[Event "?"]
[Site "ICC 2 1 02/19/98, Internet Ch"]
[Date "1998.??.??"]
[Round "?"]
[White "Brause"]
[Black "Cheops"]
[Result "1-0"]
[WhiteElo "2575"]
[BlackElo "2195"]
[PlyCount "29"]

1. e4 Nc6 2. Nf3 e5 3. Nc3 Nf6 4. Nxe5 Bc5 5. f4 O-O 6. Nxc6 dxc6 7. e5 Ng4 8.
Ne4 Qd4 9. Qf3 Bf5 10. Nxc5 Qxc5 11. h3 Nxe5 12. fxe5 Qxe5+ 13. Be2 Rae8 14. d4
Qa5+ 15. Qc3 1-0

[Event "?"]
[Site "ICC 2 1 02/19/98, Internet Ch"]
[Date "1998.??.??"]
[Round "?"]
[White "Brause"]
[Black "Cheops"]
[Result "1-0"]
[WhiteElo "2580"]
[BlackElo "2190"]
[PlyCount "34"]

1. e4 Nc6 2. Nf3 e5 3. Nc3 Nf6 4. Nxe5 Nxe5 5. d4 Ng6 6. e5 Ng8 7. Bc4 Bb4 8.
Qf3 f6 9. O-O Bxc3 10. bxc3 c6 11. Re1 N8e7 12. exf6 gxf6 13. Qxf6 Rf8 14. Qd6
Qa5 15. Bh6 Qf5 16. Bxf8 Kxf8 17. Re3 Kg7 1-0

[Event "?"]
[Site "ICC 2 1 02/19/98, Internet Ch"]
[Date "1998.??.??"]
[Round "?"]
[White "Brause"]
[Black "Cheops"]
[Result "1/2-1/2"]
[WhiteElo "2590"]
[BlackElo "2175"]
[PlyCount "40"]

1. e4 Nc6 2. Nf3 e5 3. Nc3 Nf6 4. Nxe5 Bc5 5. f4 O-O 6. Nxc6 dxc6 7. e5 Re8 8.
Na4 Ne4 9. Nxc5 Qh4+ 10. g3 Nxg3 11. Kf2 Nxh1+ 12. Kg2 Qf2+ 13. Kxh1 Bg4 14.
Qxg4 Qxf1+ 15. Qg1 Qxf4 16. d4 Qf3+ 17. Qg2 Qd1+ 18. Qg1 Qf3+ 19. Qg2 Qd1+ 20.
Qg1 Qf3+ 1/2-1/2

[Event "?"]
[Site "ICC 2 8 03/30/98, Internet Ch"]
[Date "1998.??.??"]
[Round "?"]
[White "Brause"]
[Black "DoctorWho"]
[Result "1/2-1/2"]
[WhiteElo "2480"]
[BlackElo "2480"]
[PlyCount "112"]

1. e4 e5 2. Nf3 Nc6 3. Nc3 Nf6 4. Nxe5 Nxe5 5. d4 Nc6 6. d5 Ne5 7. f4 Ng6 8. e5
Ng8 9. d6 cxd6 10. exd6 Qa5 11. h4 Nf6 12. h5 Ne5 13. fxe5 Qxe5+ 14. Be2 Bxd6
15. Rh3 Bc5 16. h6 g5 17. Qd3 g4 18. Rh1 b6 19. Rf1 Bb7 20. Rf5 Qe6 21. Nb5
O-O-O 22. Bf4 d6 23. Rxc5+ bxc5 24. Nxd6+ Rxd6 25. Qxd6 Qxd6 26. Bxd6 Re8 27.
Rd1 Bxg2 28. Bxc5 Bf3 29. Rd2 Ne4 30. Bxf3 gxf3 31. Bxa7 Nxd2+ 32. Kxd2 Re2+
33. Kd3 Kd7 34. b3 Rg2 35. Bd4 f2 36. Ke2 f1=Q+ 37. Kxf1 Rxc2 38. a4 Rc1+ 39.
Kf2 Rb1 40. a5 Rxb3 41. a6 Kc6 42. a7 Kb7 43. Be3 Ra3 44. Kf3 Ra6 45. Ke4 Re6+
46. Kf3 f5 47. Kf4 Re4+ 48. Kf3 Rh4 49. Kg3 Ra4 50. Bf2 Rg4+ 51. Kf3 Rc4 52.
Be3 Rh4 53. Kg3 Rg4+ 54. Kf3 Ra4 55. Bf2 Rc4 56. Be3 Rh4 1/2-1/2

[Event "?"]
[Site "ICC 2 8 04/19/98, Internet Ch"]
[Date "1998.??.??"]
[Round "?"]
[White "Brause"]
[Black "Bo"]
[Result "1-0"]
[WhiteElo "2670"]
[BlackElo "2220"]
[PlyCount "81"]

1. e4 e5 2. Nf3 Nc6 3. Nc3 Nf6 4. Nxe5 Nxe5 5. d4 Ng6 6. e5 Ng8 7. Bc4 c6 8.
Qf3 d5 9. exd6 Qf6 10. Qe2+ Kd8 11. Ne4 Qf5 12. O-O Nf6 13. Bg5 Be6 14. Rfe1
Kc8 15. Nxf6 gxf6 16. Bxe6+ fxe6 17. g4 Qd5 18. Qxe6+ Qxe6 19. Rxe6 fxg5 20.
Re8+ Kd7 21. Rxa8 Bxd6 22. Rxa7 Kc7 23. Rd1 Re8 24. Ra5 h6 25. Rf5 Nf4 26. Rf7+
Re7 27. Rxe7+ Bxe7 28. Re1 Kd7 29. a4 Ne6 30. Re4 Kd6 31. c3 Nf4 32. h4 Nd3 33.
hxg5 hxg5 34. b4 Nb2 35. a5 Nc4 36. f4 gxf4 37. Rxf4 Ne3 38. Kh2 Nd5 39. Rf3
Nf6 40. g5 Nd5 41. g6 1-0

[Event "?"]
[Site "ICC 2 10 01/20/98, Internet C"]
[Date "1998.??.??"]
[Round "?"]
[White "Brause"]
[Black "GmSax"]
[Result "1-0"]
[WhiteElo "2530"]
[BlackElo "2440"]
[PlyCount "47"]

1. e4 e5 2. Nf3 Nf6 3. Nc3 Nc6 4. Nxe5 Nxe5 5. d4 Ng6 6. e5 Ng8 7. Bc4 d6 8.
Qf3 Qd7 9. O-O dxe5 10. dxe5 Nxe5 11. Re1 Bd6 12. Bf4 f6 13. Bb5 c6 14. Rad1
Qe6 15. Qg3 Kf8 16. Bxe5 Bxe5 17. f4 cxb5 18. fxe5 Qb6+ 19. Re3 Bf5 20. Rd6 Qc5
21. Rd5 Qc8 22. Qf4 Ne7 23. exf6 Nxd5 24. Nxd5 1-0

[Event "?"]
[Site "ICC 2 12 02/20/98, Internet C"]
[Date "1998.??.??"]
[Round "?"]
[White "Brause"]
[Black "WienerPartie"]
[Result "1-0"]
[WhiteElo "2570"]
[BlackElo "2610"]
[PlyCount "47"]

1. e4 e5 2. Nf3 Nc6 3. Nc3 Nf6 4. Nxe5 Nxe5 5. d4 Ng6 6. e5 Ng8 7. Bc4 d6 8.
Qf3 Qd7 9. O-O dxe5 10. dxe5 Nxe5 11. Re1 Bd6 12. Bf4 f6 13. Bb5 c6 14. Rad1
Qe6 15. Qg3 Kf8 16. Bxe5 Bxe5 17. f4 cxb5 18. fxe5 Qb6+ 19. Re3 Bf5 20. Rd6 Qc5
21. Rd5 Qc8 22. Qf4 Ne7 23. exf6 Nxd5 24. Nxd5 1-0

[Event "?"]
[Site "ICC 2 12 02/03/98, Internet C"]
[Date "1998.??.??"]
[Round "?"]
[White "Brause"]
[Black "Abner"]
[Result "1-0"]
[WhiteElo "2575"]
[BlackElo "2590"]
[PlyCount "83"]

1. e4 e5 2. Nf3 Nc6 3. Nc3 Nf6 4. Nxe5 Nxe5 5. d4 Nc6 6. d5 Ne5 7. f4 Ng6 8. e5
Ng8 9. d6 cxd6 10. exd6 Qf6 11. Nb5 Kd8 12. Be3 Qxb2 13. Bd4 Qb4+ 14. c3 Qb2
15. Rb1 Qxa2 16. g3 b6 17. Be2 Bb7 18. O-O f6 19. c4 Be4 20. Nc3 Bc2 21. Qc1
Bxb1 22. Nxa2 Bxa2 23. Qa3 Ke8 24. Re1 Bxd6 25. Qxd6 N8e7 26. Bd3 Kd8 27. Qa3
Kc7 28. Qxa2 Nc6 29. Bc3 Rhe8 30. Rd1 Nf8 31. c5 Rab8 32. cxb6+ axb6 33. Qd5
Re3 34. Ba6 Re6 35. f5 Ne7 36. Qd3 Rc6 37. Bb4 Kd8 38. Bxe7+ Kxe7 39. Qe4+ Ne6
40. fxe6 Rxe6 41. Qxh7 Rf8 42. Bb5 1-0

[Event "?"]
[Site "ICC 2 12 03/02/98, Internet C"]
[Date "1998.??.??"]
[Round "?"]
[White "Brause"]
[Black "Munchen"]
[Result "1-0"]
[WhiteElo "2525"]
[BlackElo "2665"]
[PlyCount "46"]

1. e4 e5 2. Nf3 Nf6 3. Nc3 Nc6 4. Nxe5 Nxe5 5. d4 Nc6 6. d5 Ne5 7. f4 Ng6 8. e5
Ng8 9. d6 cxd6 10. exd6 Qh4+ 11. g3 Qf6 12. Nb5 Kd8 13. Be3 b6 14. Nxa7 Qxb2
15. Rb1 Qxa2 16. Bxb6+ Ke8 17. Nb5 Ra4 18. Qe2+ Be7 19. Nc3 Ba6 20. Qf3 Qe6+
21. Kf2 Rxf4 22. gxf4 Bh4+ 23. Kg1 Bc8 1-0

[Event "?"]
[Site "ICC 2 12 01/14/98, Internet C"]
[Date "1998.??.??"]
[Round "?"]
[White "Brause"]
[Black "BeHappy"]
[Result "1-0"]
[WhiteElo "2460"]
[BlackElo "2195"]
[PlyCount "53"]

1. Nc3 Nf6 2. e4 e5 3. Nf3 Nc6 4. Nxe5 Nxe5 5. d4 Ng6 6. e5 Ng8 7. Bc4 d6 8.
Qf3 Qd7 9. O-O dxe5 10. dxe5 Nxe5 11. Re1 Bd6 12. Bf4 f6 13. Bb5 c6 14. Rad1
Qe6 15. Qg3 Kf8 16. Bxe5 Bxe5 17. f4 cxb5 18. fxe5 Qb6+ 19. Re3 Bf5 20. Rd6 Qc5
21. Rd5 Qc6 22. exf6 Qxf6 23. Rxf5 Qxf5 24. Rf3 Qxf3 25. Qxf3+ Nf6 26. Qxb7 Re8
27. Qxa7 1-0

[Event "?"]
[Site "ICC 2 12 01/14/98, Internet C"]
[Date "1998.??.??"]
[Round "?"]
[White "Brause"]
[Black "BleBle"]
[Result "1/2-1/2"]
[WhiteElo "2455"]
[BlackElo "2025"]
[PlyCount "103"]

1. Nc3 Nf6 2. e4 e5 3. Nf3 Nc6 4. Nxe5 Nxe5 5. d4 Ng6 6. e5 Ng8 7. Bc4 Bb4 8.
Qf3 Qe7 9. O-O Bxc3 10. bxc3 Nh6 11. g3 O-O 12. Qh5 d6 13. Bxh6 gxh6 14. f4
dxe5 15. f5 Bxf5 16. Qxf5 exd4 17. Rae1 Qd8 18. Bxf7+ Kg7 19. Re6 Qg5 20. Qxg5
hxg5 21. Bxg6 Rxf1+ 22. Kxf1 Rf8+ 23. Kg2 hxg6 24. cxd4 Kf7 25. Re4 Rd8 26. c4
c6 27. Kf3 Kf6 28. Kg4 Rh8 29. h3 Rh7 30. d5 cxd5 31. cxd5 Rd7 32. Rd4 Ke5 33.
Ra4 a6 34. Kxg5 Rxd5 35. Rb4 b5 36. Rb2 Rd3 37. Re2+ Kd4 38. g4 Rxh3 39. Kxg6
a5 40. g5 Rg3 41. Rb2 b4 42. Kf5 Kc4 43. Kf4 Rg1 44. Rc2+ Kd3 45. Rf2 a4 46.
Kf5 b3 47. axb3 axb3 48. Kf6 Kc3 49. g6 b2 50. Rxb2 Kxb2 51. g7 Rxg7 52. Kxg7
1/2-1/2

[Event "?"]
[Site "ICC 2 12 01/14/98, Internet C"]
[Date "1998.??.??"]
[Round "?"]
[White "Brause"]
[Black "BleBle"]
[Result "1-0"]
[WhiteElo "2490"]
[BlackElo "2055"]
[PlyCount "39"]

1. Nc3 Nf6 2. e4 e5 3. Nf3 Nc6 4. Nxe5 Nxe5 5. d4 Ng6 6. e5 Ng8 7. Bc4 Bb4 8.
Qf3 Qe7 9. O-O Bxc3 10. bxc3 Nh6 11. g3 O-O 12. Qh5 d6 13. Bxh6 gxh6 14. f4 Be6
15. f5 Bxc4 16. f6 Rfe8 17. fxe7 Bxf1 18. Rxf1 Rxe7 19. exd6 cxd6 20. Qxh6 1-0

[Event "?"]
[Site "ICC 2 12 01/14/98, Internet C"]
[Date "1998.??.??"]
[Round "?"]
[White "Brause"]
[Black "Deadbob"]
[Result "1-0"]
[WhiteElo "2480"]
[BlackElo "2025"]
[PlyCount "55"]

1. e4 e5 2. Nf3 Nf6 3. Nc3 Nc6 4. Nxe5 Nxe5 5. d4 Ng6 6. e5 Ng8 7. Bc4 d6 8.
Qf3 Qd7 9. O-O dxe5 10. dxe5 Nxe5 11. Re1 Bd6 12. Bf4 f6 13. Bb5 c6 14. Rad1
Qe6 15. Qg3 Kf8 16. Bxe5 Bxe5 17. f4 cxb5 18. fxe5 Qb6+ 19. Re3 Bf5 20. Rd6 Qc5
21. Rd5 Qc8 22. Qf4 Ne7 23. exf6 Nxd5 24. Nxd5 Qd7 25. fxg7+ Kxg7 26. Qd4+ Kg8
27. Nf6+ Kf7 28. Nxd7 1-0

[Event "?"]
[Site "ICC 2 12 01/23/98, Internet C"]
[Date "1998.??.??"]
[Round "?"]
[White "Brause"]
[Black "pklm"]
[Result "1-0"]
[WhiteElo "2610"]
[BlackElo "2030"]
[PlyCount "27"]

1. e4 e5 2. Nf3 Nc6 3. Nc3 Nf6 4. Nxe5 Nxe5 5. d4 Ng6 6. e5 Ng8 7. Bc4 Bb4 8.
Qf3 Qe7 9. O-O Bxc3 10. bxc3 d6 11. Ba3 Be6 12. Qxb7 Rd8 13. Rfe1 Kf8 14. d5
1-0

[Event "?"]
[Site "ICC 2 12 04/02/98, Internet C"]
[Date "1998.??.??"]
[Round "?"]
[White "Brause"]
[Black "Munchen"]
[Result "1-0"]
[WhiteElo "2525"]
[BlackElo "2425"]
[PlyCount "59"]

1. e4 e5 2. Nf3 Nc6 3. Nc3 Nf6 4. Nxe5 Nxe5 5. d4 Nc6 6. d5 Ne5 7. f4 Ng6 8. e5
Ng8 9. d6 cxd6 10. exd6 Qh4+ 11. g3 Qf6 12. Nb5 Kd8 13. Be3 b6 14. Nxa7 Qxb2
15. Rb1 Qxa2 16. Bxb6+ Ke8 17. Nb5 Bb7 18. Nc7+ Kd8 19. Ra1 Kc8 20. Rxa2 Rxa2
21. Rg1 Ra4 22. c4 Ra2 23. Be2 Nf6 24. c5 Rg8 25. h4 Nh8 26. Bc4 Ra3 27. Qd4
Kb8 28. Nb5 Ra6 29. Ke2 Ng4 30. Ra1 1-0

[Event "?"]
[Site "ICC 2 12 01/15/98, Internet C"]
[Date "1998.??.??"]
[Round "?"]
[White "Brause"]
[Black "WienerPartie"]
[Result "1-0"]
[WhiteElo "2420"]
[BlackElo "2515"]
[PlyCount "54"]

1. Nc3 Nf6 2. e4 e5 3. Nf3 Nc6 4. Nxe5 Nxe5 5. d4 Ng6 6. e5 Ng8 7. Bc4 d6 8.
Qf3 Qd7 9. O-O dxe5 10. dxe5 Nxe5 11. Re1 Bd6 12. Bf4 f6 13. Bb5 c6 14. Rad1
Qe6 15. Qg3 Kf8 16. Bxe5 Bxe5 17. f4 cxb5 18. fxe5 Qb6+ 19. Re3 Bf5 20. Rd6 Qc5
21. Rd5 Qc8 22. Qf4 Ne7 23. exf6 Nxd5 24. Nxd5 Qd7 25. fxg7+ Kxg7 26. Qd4+ Kg8
27. Nf6+ Kf7 1-0

[Event "?"]
[Site "ICC 2 12 01/15/98, Internet C"]
[Date "1998.??.??"]
[Round "?"]
[White "Brause"]
[Black "Descartes"]
[Result "1-0"]
[WhiteElo "2430"]
[BlackElo "2315"]
[PlyCount "116"]

1. e4 e5 2. Nf3 Nc6 3. Nc3 Nf6 4. Nxe5 Nxe5 5. d4 Ng6 6. e5 Ng8 7. Bc4 Bb4 8.
Qf3 Bxc3+ 9. bxc3 Qe7 10. O-O Rb8 11. Re1 b6 12. Qg3 Bb7 13. Bg5 Qa3 14. e6
fxe6 15. Bxe6 dxe6 16. Qxc7 Rc8 17. Qxb7 N8e7 18. Rxe6 O-O 19. Bxe7 Qxc3 20.
Rf1 Nxe7 21. Rxe7 Qxd4 22. Rd7 Qf6 23. c4 a5 24. Qd5+ Kh8 25. Qd4 Qxd4 26. Rxd4
Rfe8 27. Rfd1 h5 28. Kf1 Rc6 29. a4 Kh7 30. Re1 Rxe1+ 31. Kxe1 Kg6 32. Kd2 Kf6
33. f3 Ke6 34. Kd3 Rc5 35. h4 Ke5 36. Rd8 g6 37. g4 Rc6 38. Rd5+ Kf4 39. gxh5
gxh5 40. Rxh5 Kxf3 41. Rg5 Kf4 42. Rb5 Kg4 43. h5 Rd6+ 44. Ke4 Re6+ 45. Re5 Rh6
46. Kd5 Kf4 47. Kd4 Rd6+ 48. Rd5 Re6 49. Rb5 Kg4 50. c5 bxc5+ 51. Rxc5 Rd6+ 52.
Kc4 Rb6 53. Rxa5 Rb1 54. Rc5 Rc1+ 55. Kb5 Rb1+ 56. Kc6 Re1 57. a5 Ra1 58. Kb6
Rb1+ 1-0

[Event "?"]
[Site "ICC 2 12 01/15/98, Internet C"]
[Date "1998.??.??"]
[Round "?"]
[White "Brause"]
[Black "Descartes"]
[Result "1/2-1/2"]
[WhiteElo "2440"]
[BlackElo "2305"]
[PlyCount "114"]

1. Nc3 Nf6 2. e4 e5 3. Nf3 Nc6 4. Nxe5 Nxe5 5. d4 Ng6 6. e5 Ng8 7. Bc4 Bb4 8.
Qf3 Bxc3+ 9. bxc3 f5 10. h4 d6 11. h5 Nf8 12. exd6 Qxd6 13. O-O Qe7 14. Bb2 Qf6
15. Rae1+ Ne7 16. Ba3 Ne6 17. Bxe6 Bxe6 18. Bxe7 Qxe7 19. Re5 O-O 20. Rfe1 Rf6
21. Qxb7 Rd8 22. d5 Bxd5 23. Qxd5+ Rxd5 24. Rxe7 Rc6 25. h6 gxh6 26. Rb1 Rb6
27. Rb4 a5 28. Rc4 c6 29. Rc7 Rb2 30. R4xc6 f4 31. Rc8+ Kf7 32. R6c7+ Ke6 33.
Re8+ Kd6 34. Rd8+ Kxc7 35. Rxd5 Rxa2 36. Rf5 Rxc2 37. Rxa5 Rxc3 38. Ra7+ Kd8
39. Rxh7 Rc6 40. Kh2 Ke8 41. Kh3 Rc2 42. f3 Rc6 43. Kg4 Rf6 44. Kh5 Rd6 45. Rg7
Re6 46. Rg4 Rf6 47. Rg6 Rf8 48. Rxh6 Kf7 49. Kg5 Ke7 50. Rc6 Rg8+ 51. Rg6 Rf8
52. Kg4 Kd7 53. Ra6 Rg8+ 54. Kxf4 Rxg2 55. Ke5 Re2+ 56. Kf6 Rf2 57. Ra3 Ke8
1/2-1/2

[Event "?"]
[Site "ICC 2 12 01/15/98, Internet C"]
[Date "1998.??.??"]
[Round "?"]
[White "Brause"]
[Black "mishah"]
[Result "1-0"]
[WhiteElo "2500"]
[BlackElo "1980"]
[PlyCount "57"]

1. e4 e5 2. Nf3 Nc6 3. Nc3 Nf6 4. Nxe5 Nxe5 5. d4 Ng6 6. e5 Ng8 7. Bc4 d5 8.
Bxd5 c6 9. Bb3 Be6 10. O-O Bxb3 11. axb3 N8e7 12. Bg5 Qb6 13. Qg4 Nd5 14. e6
Be7 15. Nxd5 cxd5 16. exf7+ Kxf7 17. Qf5+ Bf6 18. Qxd5+ Kf8 19. Bxf6 gxf6 20.
c3 Kg7 21. Qd7+ Kh6 22. b4 Rhd8 23. Qg4 a6 24. Rfe1 Re8 25. Qh3+ Kg7 26. Qd7+
Kf8 27. Qxh7 Ne7 28. Re4 Rad8 29. Rg4 1-0